| 000 | 00410 a2200133 4500 | ||
|---|---|---|---|
| 001 | 91616 | ||
| 082 | _aPR 1583 | ||
| 090 |
_c43770 _d43769 |
||
| 100 | _aAbdul Sattar Bhatti; Prof Syed Naveed Abbas and Abdul Rehman, Advisors | ||
| 245 |
_aTo Develop Software for Automating Aircraft : Progresss Chart for ATC _n53 "B" EC |
||
| 260 |
_aRawalpindi _bNUST _c2001 |
||
| 300 | _a64p | ||
| 500 | _aBE Progress Reports | ||
| 942 |
_aCAE NUST _kPR 1583 |
||
| 999 |
_c326689 _d326689 |
||